| 000 | 02367nam a2200649 a 4500 | ||
|---|---|---|---|
| 001 | C00599099 | ||
| 003 | PE-LiUPU | ||
| 005 | 20250731170501.0 | ||
| 008 | 210614r2020 pe d gr 000 0 spa | ||
| 017 | _a2019-19066 | ||
| 020 | _a9786124284175 | ||
| 040 |
_apelibn _bspa _erda _cPE-LiUPU _dPE-LiUPU |
||
| 082 | 0 | 4 |
_a152.42 _222 _bR741c |
| 100 | 1 |
_aRojas Estapé, Marian, _eautor. |
|
| 245 | 1 | 0 |
_aCómo hacer que te pasen cosas buenas : _bentiende tu cerebro, gestiona tus emociones, mejora tu vida / _cMarian Rojas Estapé. |
| 250 | _aPrimera edición, segunda reimpresión. | ||
| 264 | 3 | 1 |
_aLima : _bEspasa, _c2019. |
| 264 | 3 | 3 |
_aLima : _bCecosami. |
| 300 |
_a231 páginas : _bdiagramas ; _c23 centímetros. |
||
| 336 |
_aTexto _2rdacontent |
||
| 337 |
_asin mediación _2rdamedia |
||
| 338 |
_avolumen _2rdacarrier |
||
| 504 | _aBibliografía: páginas [230]-231. | ||
| 505 | _aDestino : La felicidad -- El antídoto al sufrimiento: El amor -- El cortisol -- Ni lo que pasó ni lo que vendrá -- Vivir el momento presente -- Las emociones y su repercusión en la salud -- Qué cosas o actitudes elevan el cortisol -- Cómo bajar el cortisol -- Tu mejor versión -- Nunca es tarde para empezar de nuevo.El caso de Judith, la actriz porno. | ||
| 526 | _aSEG68 | ||
| 526 | _aSEG70 | ||
| 526 | _aSEG69 | ||
| 526 | _aSEG67 | ||
| 526 | _aSEG43 | ||
| 526 | _aP144 | ||
| 526 | _aP143 | ||
| 526 | _aP131 | ||
| 526 | _aP122 | ||
| 526 | _aP120 | ||
| 526 | _aP117 | ||
| 526 | _aP112 | ||
| 526 | _aP110 | ||
| 526 | _aP106 | ||
| 526 | _aP101 | ||
| 526 | _aP80 | ||
| 526 | _aP59 | ||
| 526 | _aP54 | ||
| 526 | _aP35 | ||
| 526 | _aP33 | ||
| 526 | _aP30 | ||
| 650 | 1 | 8 |
_aFelicidad _xAspectos psicológicos. |
| 650 | _aEmociones. | ||
| 650 | 2 | 8 | _aConducta (Psicología) |
| 650 | 2 | 8 | _aAutorrealización (Psicología) |
| 942 |
_2ddc _cBK _n0 |
||
| 999 |
_c61733 _d61733 |
||
| 980 |
_618226 _aJaime Vilcazán Jefe de Análisis Documental _81 _gALBERTO SANCHEZ Responsable de Automatización |
||